000 00702nam a2200253Ia 4500
003 OSt
005 20220925221823.0
006 a|||||r|||| 00| 0
007 ta
008 220923b |||||||| |||| 00| 0 eng d
020 _a0 19 874027 1
037 _cGeneral Book
040 _aRTL
_cRTL
_beng
041 _2eng
_aeng
082 _aU42.5.N7z7, L6
100 _aSalt John
_9287109
245 0 _aMigration in post-war Europe
_b Geographical essays
260 _aLondon
_bO U P
_c1976
300 _aviii, 228p
_ccm.
650 _aMigration
700 _a Clout Hugh
_9279859
942 _hU42.5.N7z7, L6
_cGB
_2CC
999 _c575395
_d575395